|
|
|
|
| LEADER |
00000nam a22000007a 4500 |
| 005 |
20190911003139.0 |
| 007 |
cr|||| |||| |
| 008 |
190911s2013 br |||||s|||| 00||0 por d |
| 020 |
|
|
|a 978-85-88576-028-4
|
| 035 |
|
|
|a 30256
|
| 040 |
|
|
|a vLex
|
| 090 |
|
|
|c 9471
|d 9471
|
| 100 |
1 |
|
|a Pereira Junqueira, Gabriel Još
|
| 245 |
1 |
0 |
|a Manual prt̀ico do condomn̕io
|h [Recurso electrn̤ico] /
|c Gabriel Jos ̌Pereira Junqueira, Lus̕ Batista Pereira de Carvalho
|
| 256 |
|
|
|a Servicio en ln̕ea
|
| 260 |
|
|
|a San Pablo:
|b Editora Mundo Jurd̕ico,
|c 2013
|
| 300 |
|
|
|a 1 recurso electrn̤ico
|
| 506 |
1 |
|
|a Disponible solo en los productos indicados
|d vLex Global
|d vLex Global (Academic Edition, excluding Law Schools)
|d vLex Global (U.S. Academic Edition, Law Schools)
|d vLex Global (U.S. Academic Edition, excluding Law Schools)
|d vLex Global (Academic Edition, Law Schools)
|
| 650 |
0 |
4 |
|a Derecho Civil
|z Brasil
|
| 700 |
1 |
|
|a Pereira de Carvalho, Lus̕ Batista
|
| 740 |
0 |
|
|a vLex Libros (Servicio en ln̕ea)
|
| 856 |
4 |
0 |
|u http://vlex.com/source/manual-pratico-condominio-30256
|z Acceso restringido
|
| 942 |
|
|
|c BOOK
|
| 999 |
0 |
|
|a Civil Law
|